00531naa a2200157 a 450000100080000000500110000800800410001910000170006024500460007726000090012352001230013265000170025565000190027265000110029177300710030211356572025-05-06 2023 bl uuuu u00u1 u #d1 aGUGEL, J. T. aAlho - junho 2023.h[electronic resource] c2023 aO BA n??mero 121 apresenta as informa????es das safras e a conjuntura de mercado nacional e das importa????es de alho. aImporta????o amercadodo alho asafras tBoletim Agropecu??rio, Florian??polis, SCgn. 121, p. 29-30, 2023.